Estudio de la factibilidad técnica y económica para la utilización del tronco de palma aceitera generado durante las resiembras de dichas plantaciones como fuente de combustible biomásico para sustituir búnker
Shranjeno v:
| Glavni avtor: | |
|---|---|
| Drugi avtorji: | |
| Format: | Knjiga |
| Izdano: |
2010
|
| Teme: | |
| Oznake: |
Označite
Brez oznak, prvi označite!
|
MARC
| LEADER | 00000nam a2200000Ia 4500 | ||
|---|---|---|---|
| 003 | 01665 | ||
| 005 | 20221231144036.0 | ||
| 008 | 140114s2010 cr a 000 ||s d | ||
| 040 | |c cru CEDI | ||
| 090 | |a TFG 6172 | ||
| 100 | |a Ramírez Pérez, Roberto |9 3051 | ||
| 245 | |a Estudio de la factibilidad técnica y económica para la utilización del tronco de palma aceitera generado durante las resiembras de dichas plantaciones como fuente de combustible biomásico para sustituir búnker | ||
| 260 | |c 2010 | ||
| 500 | |a Tesis (licenciatura en ingeniería mecánica)--Universidad de Costa Rica. Facultad de Ingeniería. Escuela de Ingeniería Mecánica | ||
| 650 | |x PALMA AFRICANA |x PALMA TICA S.A. (COSTA RICA) |x EMPRESA INOLASA (BARRANCA, PUNTARENAS, COSTA RICA) |x COMBUSTIBLES |x BIOMASA |x MADERA |x SECADO |9 3052 | ||
| 700 | |a Castro Alvarado, José Arquenis |9 3053 | ||
| 942 | |c TFG | ||
| 999 | |c 16043 |d 16043 | ||
